Segunda memoria sobre el estado de la administración pública [del estado de Durango] /

Guardat en:
Dades bibliogràfiques
Autor corporatiu: Durango. Gobernador. 1968-1974 (Páez)
Altres autors: Páez Urquidi, Alejandro (autor) (autor)
Format: Llibre
Idioma:espanyol
Publicat: Durango, México : Gobierno del Estado de Durango, 1970
Etiquetes: Afegir etiqueta
Sense etiquetes, Sigues el primer a etiquetar aquest registre!

MARC

LEADER 00000nam^a2200000^a^4500
001 000428350
005 20250526000000.0
009 20260310122831.57
037 |a Acervo ITESO - Biblioteca 
041 |a ESP 
091 |a FHM. 03892 
110 |a Durango.  |b Gobernador. 1968-1974 (Páez) 
245 1 0 |a Segunda memoria sobre el estado de la administración pública [del estado de Durango] / 
264 1 |a Durango, México :  |b Gobierno del Estado de Durango,  |c 1970 
300 |a 134 p. ;  |c 22.0 cm. 
336 |a texto  |b txt  |2 rdacontenido 
337 |a sin mediación  |b n  |2 rdamedio 
338 |a volumen  |b nc  |2 rdasoporte 
649 |a XX 
700 |a Páez Urquidi, Alejandro  |e (autor) 
910 |a Fondo Hugo B. Margáin 
920 |a Impresos - Libros 
930 |a Libros Antiguos y Raros 
905 |a 126 
901 |a 0500303097  |b IT2  |c LRA  |i D117219  |u 20250526 
902 |a https://opac.biblio.iteso.mx/vufind/Record/000428350